[Event "Alberta-ch U20"]
[Site "Edmonton"]
[Date "2010.11.07"]
[Round "4"]
[White "Lin, Kaining"]
[Black "Virji, Naveed"]
[Result "0-1"]
[WhiteElo "250"]
[BlackElo "1386"]
[PlyCount "46"]
[EventDate "2010.11.06"]
[EventType "swiss"]
[EventRounds "5"]
[EventCountry "CAN"]
[SourceTitle "EXT 2013"]
[Source "ChessBase"]
[SourceDate "2012.11.22"]
[SourceVersion "1"]
[SourceVersionDate "2012.11.22"]
[SourceQuality "1"]

1. e4 e5 2. d4 exd4 3. Qxd4 Nc6 4. Qc4 Nf6 5. Bg5 Be7 6. Bxf6 Bxf6 7. Nf3 Bxb2 8. Nc3 Bxa1 9. h4 Bxc3+ 10. Qxc3 0-0 11. Qd3 Nb4 12. Qc4 Qe7 13. Bd3 d5 14. Qc3 dxe4 15. 0-0 exd3 16. Re1 Qd6 17. Rd1 Bf5 18. Rc1 Nxa2 19. Qb2 Nxc1 20. Qxc1 dxc2 21. Nd2 Rfd8 22. f3 Qxd2 23. Qxd2 Rxd2 0-1

[Event "Canadian op"]
[Site "Edmonton"]
[Date "2009.07.16"]
[Round "6.94"]
[White "Kassam, Jamil"]
[Black "Virji, Naveed"]
[Result "1-0"]
[WhiteElo "1334"]
[BlackElo "1398"]
[PlyCount "153"]
[EventDate "2009.07.11"]
[EventType "swiss"]
[EventRounds "9"]
[EventCountry "CAN"]
[SourceTitle "EXT 2022"]
[Source "ChessBase"]
[SourceDate "2021.10.06"]
[SourceVersion "1"]
[SourceVersionDate "2021.10.06"]
[SourceQuality "1"]

1. e4 e5 2. Nf3 Nc6 3. Bb5 a6 4. Ba4 Nf6 5. 0-0 b5 6. Bb3 Nxe4 7. Re1 f5 8. d3 Nc5 9. Nxe5 Nxe5 10. Rxe5+ Ne6 11. Qf3 c6 12. Qxf5 Bd6 13. Bxe6 dxe6 14. Rxe6+ Bxe6 15. Qxe6+ Qe7 16. Qxe7+ Bxe7 17. Be3 0-0 18. Nc3 Bf6 19. d4 Rad8 20. Ne2 c5 21. c3 cxd4 22. Nxd4 Bxd4 23. Bxd4 Rd5 24. Re1 b4 25. Kf1 bxc3 26. Bxc3 Rdf5 27. f3 Rh5 28. Re7 Rg5 29. h4 Rg6 30. h5 Rg5 31. Ra7 h6 32. Kf2 Kh7 33. g3 Rg8 34. g4 a5 35. Rxa5 Rxa5 36. Bxa5 Ra8 37. b4 Rc8 38. a4 Rc2+ 39. Ke3 Ra2 40. f4 Rxa4 41. Ke4 Ra1 42. Bb6 Re1+ 43. Kf5 Rd1 44. Bc5 Rd5+ 45. Ke4 Rd1 46. b5 Rc1 47. Ba7 Rc4+ 48. Kf5 Rb4 49. b6 Rxb6 50. Bxb6 Kg8 51. g5 Kh7 52. Bc7 hxg5 53. fxg5 Kh8 54. h6 Kg8 55. hxg7 Kxg7 56. Be5+ Kf7 57. g6+ Kg8 58. g7 Kf7 59. Kg5 Kg8 60. Kh6 Kf7 61. Kh7 Ke6 62. g8Q+ Kxe5 63. Qg6 Kf4 64. Qe6 Kg5 65. Qe4 Kf6 66. Kh6 Kf7 67. Qe5 Kf8 68. Qg7+ Ke8 69. Kg6 Kd8 70. Qf7 Kc8 71. Qe7 Kb8 72. Qd7 Ka8 73. Kf6 Kb8 74. Ke6 Ka8 75. Kd6 Kb8 76. Kc6 Ka8 77. Qb7# 1-0

[Event "Canadian op"]
[Site "Edmonton"]
[Date "2009.07.15"]
[Round "5.82"]
[White "Virji, Naveed"]
[Black "Medvedev, Genadi"]
[Result "0-1"]
[WhiteElo "1398"]
[BlackElo "1702"]
[PlyCount "126"]
[EventDate "2009.07.11"]
[EventType "swiss"]
[EventRounds "9"]
[EventCountry "CAN"]
[SourceTitle "EXT 2022"]
[Source "ChessBase"]
[SourceDate "2021.10.06"]
[SourceVersion "1"]
[SourceVersionDate "2021.10.06"]
[SourceQuality "1"]

1. e4 e5 2. Nf3 Nc6 3. d4 exd4 4. Nxd4 Qf6 5. Nxc6 Qxc6 6. Nc3 Bb4 7. Bd2 Bxc3 8. Bxc3 Qxe4+ 9. Be2 Qxg2 10. Bf3 Qg5 11. Qe2+ Ne7 12. h4 Qh6 13. Bd2 Qe6 14. Qxe6 dxe6 15. 0-0-0 c6 16. Bc3 f6 17. Rhg1 Rg8 18. Bb4 Nd5 19. Bxd5 cxd5 20. Bc3 Kf7 21. h5 Bd7 22. Rd4 Bc6 23. f4 h6 24. Rf1 g6 25. hxg6+ Rxg6 26. f5 exf5 27. Rxf5 Re8 28. Rdf4 Re6 29. Bd4 b6 30. Rh4 Re4 31. Rxf6+ Rxf6 32. Bxf6 Rxh4 33. Bxh4 Kg6 34. Kd2 Kf5 35. b3 h5 36. Kd3 Kg4 37. Bf2 h4 38. Bxh4 Kxh4 39. c4 Kg5 40. Kd4 dxc4 41. Kxc4 Kf6 42. Kb4 Ke6 43. a4 Kd5 44. a5 b5 45. Kc3 a6 46. b4 Ke4 47. Kb3 Kd3 48. Kb2 Bd5 49. Ka3 Kc4 50. Ka2 Kxb4+ 51. Kb2 Kxa5 52. Ka3 b4+ 53. Kb2 Ka4 54. Ka1 Kb3 55. Kb1 Kc3 56. Ka1 a5 57. Kb1 b3 58. Ka1 Bf3 59. Kb1 a4 60. Ka1 b2+ 61. Kb1 Be4+ 62. Ka2 b1Q+ 63. Ka3 Qb3# 0-1

[Event "Canadian op"]
[Site "Edmonton"]
[Date "2009.07.14"]
[Round "4.75"]
[White "Du, Jasmine"]
[Black "Virji, Naveed"]
[Result "1-0"]
[WhiteElo "1893"]
[BlackElo "1398"]
[PlyCount "107"]
[EventDate "2009.07.11"]
[EventType "swiss"]
[EventRounds "9"]
[EventCountry "CAN"]
[SourceTitle "EXT 2022"]
[Source "ChessBase"]
[SourceDate "2021.10.06"]
[SourceVersion "1"]
[SourceVersionDate "2021.10.06"]
[SourceQuality "1"]

1. d4 d5 2. c4 Nf6 3. e3 dxc4 4. Bxc4 Nc6 5. Nf3 e5 6. Bb5 exd4 7. Nxd4 Bb4+ 8. Nd2 Bxd2+ 9. Bxd2 Bd7 10. Nxc6 Bxc6 11. Bxc6+ bxc6 12. Qc2 Qd5 13. 0-0 0-0 14. Rfd1 Qe5 15. Bc3 Qe4 16. Qxe4 Nxe4 17. Be5 Rab8 18. b3 Rb7 19. Rac1 f6 20. Bd4 c5 21. Bxc5 Nxc5 22. Rxc5 Rc8 23. Rd7 Kf8 24. f3 h6 25. e4 g6 26. Rc6 Ke8 27. Rg7 g5 28. Rxf6 Rb6 29. Rxb6 axb6 30. Rg8+ Kd7 31. Rxc8 Kxc8 32. Kf2 Kd7 33. Ke3 Ke6 34. Kd4 c5+ 35. Kc4 Ke5 36. g3 g4 37. f4+ Kxe4 38. a4 h5 39. Kb5 h4 40. Kxb6 hxg3 41. hxg3 Kf3 42. f5 Kxg3 43. f6 Kh4 44. f7 g3 45. f8Q g2 46. Qxc5 Kh3 47. Qg1 Kg3 48. a5 Kf3 49. a6 Ke4 50. a7 Kd3 51. a8R Kc3 52. Qc1+ Kxb3 53. Ra3+ Kb4 54. Qc3# 1-0